| 000 | 01114nam a2200301Ia 4500 | ||
|---|---|---|---|
| 003 | OSt | ||
| 005 | 20221007125358.0 | ||
| 006 | a|||||r|||| 00| 0 | ||
| 007 | ta | ||
| 008 | 221006b |||||||| |||| 00| 0 eng d | ||
| 020 |
_a0781742110 (pbk) _cRs.1,500.00 |
||
| 024 | _a9725 | ||
| 037 |
_bDhanraj, _cTextual |
||
| 040 |
_aCDL _cCDL _beng |
||
| 041 |
_2eng _aeng |
||
| 082 | _aLZ3:(E), P2 | ||
| 100 | _aWilliams David A | ||
| 245 | 0 |
_aFoye's principles of medicinal chemistry by David A Williams and Thomas L Lemke _b Lemke Thomas L |
|
| 250 | _aEd 5 | ||
| 260 |
_aPhiladelphia _bLippincott Williams Wilkins _c2002 |
||
| 300 |
_axii, 1114p _ccm. |
||
| 500 | _aAppendix 1070-1080p; Indexes 1081-1114p; ^n23/CSL/CARC/2002-2003/379^d2002-09-25^mPurchase; ; 2002-03/309^b2002-10-24^c081^d2002-10-16^eRs.10,653.00^fDhanraj Book House; ; 2002-11-21^bSB^c2003-09-29^dJindal | ||
| 650 |
_a Medicinal chemsitry _9721865 |
||
| 650 | _aChemistry | ||
| 700 | _a Lemke Thomas L | ||
| 942 |
_hLZ3:(E), P2 _cTEXL _2CC |
||
| 999 |
_c1215171 _d1215171 |
||